00486nam a2200193Ia 4500003000400000005001700004008004100021020002200062040000700084041001200091082001800103100001900121245002700140260005900167300002400226365001300250650001500263650001400278OSt20250718184327.0210423s2014 xx 000 0 und d a978-81-921355-4-0 cAL aEnglish a070.43b MADN aMadhuri Madhok aNews agency journalism aBhopalbMakhanlal Chaturvedi National Universityc2014 a157p.bPBc22x17cm. b150cINR aJournalism aReporting